00437nam a2200133Ia 4500008004100000082001700041100002900058245006400087260000900151300001000160942001200170999001900182952010200201210430s9999 xx 000 0 und d a620.11 A834T aAskeland Donald R914727 4aThe Science And Engineering Of MaterialscAskeland Donald R c1994 a812p. cBK2ddc c565904d565904 00104070aSCMEbSCMEcCARTd0000-00-00l0o620.11 A834TpSCME- D145r2021-04-30w2021-04-30yBK